[Event "IECG CP.1999.P.00003"]
[Site "IECG email"]
[Date "1999.10.01"]
[Round "?"]
[White "Martins, Karin"]
[Black "Le Roux, Andre"]
[Result "1-0"]
[WhiteElo "621"]
[BlackElo "1600"]
[PlyCount "31"]
[EventDate "1999.10.01"]
[EventType "tourn (corr)"]
[EventRounds "6"]
[EventCountry "GER"]
[SourceTitle "Corr 2008"]
[Source "ChessBase"]
[SourceDate "2008.06.24"]
[SourceVersion "1"]
[SourceVersionDate "2008.06.24"]
[SourceQuality "1"]

1. e4 e5 2. Nf3 Nf6 3. Nxe5 d6 4. Nf3 Nxe4 5. d4 d5 6. Bd3 Bg4 7. 0-0 Bd6 8. Re1 f5 9. h3 Bh5 10. c4 c6 11. cxd5 cxd5 12. Qb3 b6 13. Ng5 0-0 14. Bxe4 fxe4 15. Qxd5+ Kh8 16. Qxe4 1-0

[Event "IECC CL4-1999.31"]
[Site "IECC email"]
[Date "1999.07.30"]
[Round "?"]
[White "Le Roux, Andre"]
[Black "Hakuc, Waclaw"]
[Result "0-1"]
[WhiteElo "1596"]
[BlackElo "1730"]
[PlyCount "77"]
[EventDate "1999.??.??"]
[EventType "tourn (corr)"]
[EventRounds "4"]
[SourceTitle "Corr 2008"]
[Source "ChessBase"]
[SourceDate "2008.06.24"]
[SourceVersion "1"]
[SourceVersionDate "2008.06.24"]
[SourceQuality "1"]

1. e4 e5 2. Nc3 Nf6 3. Nf3 Nc6 4. Bc4 Nxe4 5. Nxe4 d5 6. Bd3 dxe4 7. Bxe4 Ne7 8. Bd3 f6 9. 0-0 Qd6 10. Bc4 e4 11. Nh4 g5 12. Qh5+ Kd8 13. d3 Qc6 14. Re1 Bd7 15. Rxe4 gxh4 16. Rxh4 Rb8 17. a4 a6 18. Re4 Ng6 19. Bh6 Bxh6 20. Qxh6 Qd6 21. b3 Bc6 22. Re6 Qd4 23. Rae1 Qg4 24. Rxc6 bxc6 25. Bxa6 Qb4 26. Kf1 Qd6 27. Ra1 Ra8 28. Bc4 Ne5 29. Kg1 Nxc4 30. bxc4 Re8 31. Rb1 Qe5 32. f4 Qe3+ 33. Kf1 Re6 34. Qf8+ Kd7 35. Qf7+ Kd6 36. Qxh7 Qxf4+ 37. Kg1 Qe3+ 38. Kf1 Rb8 39. Rxb8 0-1

[Event "IECC O email"]
[Site "IECC email"]
[Date "1999.07.14"]
[Round "?"]
[White "Schalkwijk, Peter H"]
[Black "Le Roux, Andre"]
[Result "1-0"]
[WhiteElo "1704"]
[BlackElo "1563"]
[PlyCount "83"]
[EventDate "1999.??.??"]
[EventType "tourn (corr)"]
[EventRounds "6"]
[SourceTitle "Corr 2008"]
[Source "ChessBase"]
[SourceDate "2008.06.24"]
[SourceVersion "1"]
[SourceVersionDate "2008.06.24"]
[SourceQuality "1"]

1. c4 c6 2. b4 d5 3. cxd5 cxd5 4. Bb2 Nf6 5. e3 e6 6. Nf3 Nc6 7. b5 Na5 8. Na3 Bd6 9. Be2 0-0 10. 0-0 a6 11. Rc1 Bd7 12. bxa6 bxa6 13. Nc2 Rb8 14. Be5 Ba4 15. d4 Ne4 16. Bxa6 Rb2 17. Bxd6 Qxd6 18. Bd3 f5 19. Ne5 Rfb8 20. Qe1 Nc4 21. Bxc4 Bxc2 22. f3 Nf6 23. Rf2 dxc4 24. Nxc4 Qc6 25. Rfxc2 Rxc2 26. Rxc2 h6 27. Qc1 Qa4 28. Ne5 Qa6 29. h4 Ra8 30. Qe1 g5 31. hxg5 hxg5 32. Qg3 Qa7 33. Qxg5+ Qg7 34. Qxg7+ Kxg7 35. g4 fxg4 36. Nxg4 Nh5 37. Ne5 Kf6 38. Kf2 Kf5 39. Rb2 Kg5 40. f4+ Kf5 41. Kf3 Nf6 42. Rh2 1-0

[Event "IECC O email"]
[Site "IECC email"]
[Date "1999.05.25"]
[Round "?"]
[White "Fantoni, Franco"]
[Black "Le Roux, Andre"]
[Result "1-0"]
[WhiteElo "1577"]
[BlackElo "1600"]
[PlyCount "63"]
[EventDate "1999.??.??"]
[EventType "tourn (corr)"]
[EventRounds "6"]
[SourceTitle "Corr 2008"]
[Source "ChessBase"]
[SourceDate "2008.06.24"]
[SourceVersion "1"]
[SourceVersionDate "2008.06.24"]
[SourceQuality "1"]

1. e4 Nf6 2. e5 Nd5 3. d4 d6 4. c4 Nb6 5. Nf3 Nc6 6. exd6 exd6 7. Be2 Be7 8. 0-0 0-0 9. Re1 Bg4 10. Nbd2 Bf6 11. d5 Na5 12. Bd3 Re8 13. Qc2 g6 14. Rxe8+ Qxe8 15. Ne4 Be7 16. Qc3 Naxc4 17. Bxc4 Qf8 18. b3 f5 19. Bb2 fxe4 20. Qh8+ Kf7 21. Qxh7+ Ke8 22. Bb5+ c6 23. dxc6 Kd8 24. Qxg6 Qf5 25. c7+ Kxc7 26. Rc1+ Kb8 27. Qe8+ Nc8 28. Ne5 Qxe5 29. Bxe5 a6 30. Bd7 Ka7 31. Bd4+ Kb8 32. Rxc8# 1-0